| 000 | 00623nam a22002057a 4500 | ||
|---|---|---|---|
| 999 |
_c13196 _d13196 |
||
| 003 | AR-CdUCM | ||
| 008 | 190411b ||||| |||| 00| 0 spa d | ||
| 040 |
_aMUNICIPALIDAD PROVINCIAL DEL CUSCO _cBIBLIOTECA MUNICIPAL DEL CUSCO |
||
| 082 |
_a631.5 / _bA44 |
||
| 245 | _aAlmanaque agropecuario del Perú -1956 / | ||
| 260 |
_aLima : _bMensajero Agricola, _c1956. |
||
| 300 |
_a314 paginas ; _c23 cm. |
||
| 505 | _aContenido :Diccionario / | ||
| 650 |
_aAgricultura _9320 |
||
| 650 |
_aPlantas _919530 |
||
| 650 |
_aGanadería _9321 |
||
| 700 |
_aMensajero Agrícola _931439 |
||
| 942 |
_2ddc _cLIBROS |
||
| 945 |
_arjall _d2019 |
||